000 00596nam a2200241Ia 4500
005 20260320201034.0
008 008 262003s9999 xx 000 0 eng d
037 _aEBOOK
040 _aCRL
040 _beng
040 _cCRL
041 _2eng
041 _aeng
084 _qCRL
100 _aFouke
_91134100
245 0 _aEngineering Tomorrow: Today's Technology Experts Envision the Next Century
260 _bIEEE
260 _c2000
856 _uhttps://ieeexplore.ieee.org/servlet/opac?bknumber=5263938
942 _cEBOOK
999 _c1718447
_d1718447